00426nam a2200145Ia 4500082001200000100001600012100002400028245002200052260002700074300000800101700004400109700004700153700004000200700004000240 aR/6IT12 aSaddam Shar aRoll No. 12BS(IT)66 0aE-Banking System  aNawabshahbQUESTc2016 a62p aMamoon Ahmed Alvi (Roll No. 12BS(IT)17) aMuhammad Qasim Dahri (Roll No. 12BS(IT)48) aMujtaba Khoso (Roll No. 12BS(IT)52) aSartaj Junejo (Roll No. 12BS(IT)46)